000 002460000a22000970004500
100 1 _aCabrera Leiva, Guillermo
245 1 0 _aLos aductores y la biblia
300 _aVol. 1, Núm 4 (1989), Páginas 7
773 0 _tImpacto Presbiteriano
942 _cANA
999 _c50832
_d50832